Statistics for Dutch Football Players English Premier League 2016-2017

Click here to take the quiz!

General Stats

  • This quiz has been taken 330 times
    (255 since last reset)
  • The average score is 8 of 20

Answer Stats

TeamName% Correct
Liverpool F.C.Georginio Wijndaldum
83%
Manchester United FCDaley Blind
81%
Southampton F.CVirgil van Dijk
76%
Everton FC (coach)Ronald Koeman
62%
Swansea City AFCLeroy Fer
46%
Tottenham Hotspur FCMichel Vorm
43%
Crystal PalacePatrick van Aanholt
43%
Tottenham Hotspur FCVincent Janssen
43%
Stoke City FCErik Pieters
39%
Chelsea FCNathan Aké
38%
Southampton F.C (Born and raised in the Netherlands, represents Curaçao at international level)Cuco Martina
34%
Stoke City FCBruno Martins Indi
33%
Stoke City FCIbrahim Afellay
32%
Watford FCDaryl Janmaat
28%
Southampton FCJordy Clasie
27%
Manchester United FCTimothy Fosu-Mensah
27%
Everton FCMaarten Stekelenburg
24%
Middlesbrough FCMarten de Roon
23%
Swansea City AFCLuciano Narsingh
19%
Swansea City AFCMike van der Hoorn
19%

Score Distribution

Percentile by Number Answered

Percent of People with Each Score

Your Score History

You have not taken this quiz since the last reset